000 01647nam0a22003491 4500
001 v19\rc\1915800
005 20260409000152.0
035 _a(NLR Aleph) 005265465
090 _a5944774
_c5944774
100 _a20080404d1912 |||y0rusy50 ca
101 1 _arus
_cger
102 _aRU
105 _ay z |||||
200 1 _aРазведенная жена
_e(Соломенная вдова)
_eОперетта в 1-м д.
_fПеределка с нем. ["Die Geschiedene Frau" В. Леона] А.А. Азрова
_gМузыка Лео Фалля
210 _aСанкт-Петербург
_cтип. т-ва "Екатерингоф. печ. дело"
_d1912
215 _a17 с.
_d26
225 1 _aБиблиотека одноактных оперетт
_v№ 14
300 _aАвт. установлен по изд.: Library of Congress. Т. 68
309 _aНапеч. на пиш. маш. Литогр.
500 1 0 _6z01702
_aDie Geschiedene Frau
500 _aРазведенная жена
_iОперетта
_3RU\NLR\AUTH\5510839
_92632839
517 0 _aСоломенная вдова
700 1 _8rus
_7ca
_aАзров
_bА. А.
_gАлександр Александрович
_3RU\NLR\AUTH\77106273
_989198
702 1 _4570
_7ca
_8rus
_aЛеон
_bВ.
_f1858-1940
_gВиктор
_3RU\NLR\AUTH\7798139
_981065
702 1 _4230
_8rus
_7ca
_aФалль
_bЛ.
_f1873-1925
_gЛео
_3RU\NLR\AUTH\77106272
_989197
801 0 _aRU
_bNLR
_c20080404
_gpsbo
801 0 _aRU
_bRuMoRGB
_c20080404
_2psbo
801 1 _aRU
_bProSoft-M
_c20080404
_2rusmarc
801 2 _aRU
_bNLR
_c20111209
_2rusmarc
852 _aNLR
_j34.102.7.17(№ 14)
942 _cBOOK
980 _aNB